<?xml version="1.0" encoding="UTF-8"?>
<record
    xmlns:xsi="http://www.w3.org/2001/XMLSchema-instance"
    xsi:schemaLocation="http://www.loc.gov/MARC21/slim http://www.loc.gov/standards/marcxml/schema/MARC21slim.xsd"
    xmlns="http://www.loc.gov/MARC21/slim">

  <leader>00828    a2200229   4500</leader>
  <controlfield tag="003">OSt</controlfield>
  <controlfield tag="005">20230412110811.0</controlfield>
  <controlfield tag="008">220719s2012    spaa||||r|||| 00| 0 spa d</controlfield>
  <datafield tag="020" ind1=" " ind2=" ">
    <subfield code="a">9788428333191</subfield>
  </datafield>
  <datafield tag="040" ind1=" " ind2=" ">
    <subfield code="c">CHAP</subfield>
  </datafield>
  <datafield tag="082" ind1="0" ind2="0">
    <subfield code="a">632.95</subfield>
    <subfield code="b">S71</subfield>
    <subfield code="2">22</subfield>
  </datafield>
  <datafield tag="100" ind1="1" ind2=" ">
    <subfield code="a">Soria Carreras, Santiago</subfield>
    <subfield code="9">186339</subfield>
  </datafield>
  <datafield tag="245" ind1="1" ind2="0">
    <subfield code="a">Aplicaci&#xF3;n de m&#xE9;todos de control fitosanitarios en plantas, suelo e instalaciones /</subfield>
    <subfield code="c">por Santiago Soria Carreras y Santiago Soria Ruiz-Ogarrio.</subfield>
  </datafield>
  <datafield tag="264" ind1=" " ind2=" ">
    <subfield code="a">Espa&#xF1;a :</subfield>
    <subfield code="b">Ediciones Paraninfo,</subfield>
    <subfield code="c">2012.</subfield>
  </datafield>
  <datafield tag="300" ind1=" " ind2=" ">
    <subfield code="a">146 p&#xE1;ginas.</subfield>
    <subfield code="b">figuras.</subfield>
  </datafield>
  <datafield tag="650" ind1=" " ind2="2">
    <subfield code="9">128517</subfield>
    <subfield code="a">Plagas agr&#xED;colas</subfield>
    <subfield code="x">Control</subfield>
  </datafield>
  <datafield tag="650" ind1=" " ind2="0">
    <subfield code="a">Productos fitosanitarios </subfield>
    <subfield code="v">Manual</subfield>
    <subfield code="9">163848</subfield>
  </datafield>
  <datafield tag="650" ind1=" " ind2="2">
    <subfield code="9">70011</subfield>
    <subfield code="a">Malas hierbas</subfield>
    <subfield code="x">Control</subfield>
  </datafield>
  <datafield tag="650" ind1=" " ind2="2">
    <subfield code="9">186341</subfield>
    <subfield code="a">Plaguicidas</subfield>
    <subfield code="y">Aplicaci&#xF3;n</subfield>
  </datafield>
  <datafield tag="700" ind1="1" ind2=" ">
    <subfield code="9">186340</subfield>
    <subfield code="a">Soria Ruiz-Ogarrio, Santiago</subfield>
  </datafield>
  <datafield tag="942" ind1=" " ind2=" ">
    <subfield code="2">ddc</subfield>
    <subfield code="c">LIBRO</subfield>
  </datafield>
  <datafield tag="999" ind1=" " ind2=" ">
    <subfield code="c">217312</subfield>
    <subfield code="d">217312</subfield>
  </datafield>
  <datafield tag="952" ind1=" " ind2=" ">
    <subfield code="0">0</subfield>
    <subfield code="1">0</subfield>
    <subfield code="2">ddc</subfield>
    <subfield code="4">0</subfield>
    <subfield code="5">2</subfield>
    <subfield code="7">0</subfield>
    <subfield code="8">GRAL</subfield>
    <subfield code="a">BC</subfield>
    <subfield code="b">BC</subfield>
    <subfield code="c">PP_GRAL</subfield>
    <subfield code="d">2023-03-08</subfield>
    <subfield code="l">1</subfield>
    <subfield code="o">632.95 S71</subfield>
    <subfield code="p">33724002566330</subfield>
    <subfield code="r">2025-09-22 09:48:57</subfield>
    <subfield code="s">2025-09-11</subfield>
    <subfield code="w">2023-03-08</subfield>
    <subfield code="y">LIBRO</subfield>
  </datafield>
</record>
